|
|
|
|
| LEADER |
00930cam a2200241 7i4500 |
| 001 |
0000074933 |
| 005 |
20230215090000.0 |
| 020 |
|
|
|a 9780323919197 (electronic book)
|
| 090 |
0 |
0 |
|a TA347
|b .A3 2023
|
| 245 |
0 |
0 |
|a AI assurance :
|b towards trustworthy, explainable, safe, and ethical AI
|c edited by Feras A. Batarseh and Laura J. Freeman.
|
| 264 |
|
|
|a Amsterdam:
|b Academic Press,
|c 2023.
|
| 300 |
|
|
|a 1 online resource (xxxi, 568 pages):
|b text file, PDF.
|
| 336 |
|
|
|a text
|2 rdacontent
|
| 337 |
|
|
|a computer
|2 rdamedia
|
| 338 |
|
|
|a online resource
|2 rdacarrier
|
| 650 |
|
0 |
|a Artificial intelligence
|
| 655 |
|
0 |
|a Electronic books
|
| 700 |
1 |
|
|a Batarseh, Feras A.
|
| 700 |
1 |
|
|a Freeman, Laura J.
|
| 856 |
4 |
2 |
|u http://library.unisel.edu.my/web/guest/mylibrary
|
| 997 |
|
|
|a Engineering & Life Sciences, Faculty
|b Engineering, Department
|
| 998 |
|
|
|a Civil Engineering, Degree
|
| 999 |
|
|
|a EBO0018161
|b EBOOK
|c EBOOK
|e Electronic resources
|